000 00827nam a2200289 a 4500
001 000114243
003 CHAP
005 20220329144432.0
008 171129s1977 mx |r| ||||||spa d
010 _a110704
011 _a111676
040 _cCHAP
082 0 4 _a303.483
_bL49
100 0 0 _aLeff, Enrique.
_965632
245 1 0 _aCiencia, técnica y sociedad /
_cpor Enrique Leff.
260 _aMéxico, D.F. :
_bANUIES
_bEditorial Edicol,
_c1977.
300 _a176 p.
490 _aTemas básicos. Ciencias sociales
590 _aE5765TAJ
_b05
_c20171129
_lUCH01
_h0930
650 1 4 _aCiencia y civilización.
_923147
650 1 4 _aCiencia y Estado.
_923150
650 1 4 _aCiencia
_zMéxico
_xHistoria.
_9134168
830 0 _aTemas básicos. Ciencias sociales
_9112131
901 _aBK
942 _cLIBRO
942 _n0
999 _c110704
_d110704